Proclamation of state of war /

Bibliographic Details
Corporate Author: United States. President (1913-1921 : Wilson)
Format: Book Chapter
Language:English
Series:League of Nations ; v. 1, no. 2.
Subjects:

MARC

Tag First Indicator Second Indicator Subfields
LEADER 00000caa a2200000 a 4500
001 in00000019652
005 20151007053703.0
008 860820s1917 mau 00010 eng d
035 |a (OCoLC)14114124 
035 |9 AAB2471AM 
040 |a DRB  |c DRB  |d TXA  |d UtOrBLW 
043 |a n-us---  |a e-au--- 
049 |a TXAM  |c [A03138207] 
050 4 |a JX1908  |b .U52 v. 1, no. 2 
110 1 |a United States.  |b President (1913-1921 : Wilson) 
245 1 0 |a Proclamation of state of war /  |c by the President of the United States of America. 
300 |a pages [103]-105 ;  |c 20 cm. 
336 |a text  |b txt  |2 rdacontent 
337 |a unmediated  |b n  |2 rdamedia 
338 |a volume  |b nc  |2 rdacarrier 
500 |a Title on t.-p. of number 2: III. Proclamation of war against Austria-Hungary. 
650 0 |a War, Declaration of. 
650 0 |a World War, 1914-1918  |z United States. 
651 0 |a United States  |x Foreign relations  |z Austria. 
651 0 |a Austria  |x Foreign relations  |z United States. 
773 0 |7 unas  |a League of Nations (Boston, Mass.)  |t League of Nations.  |d Boston : World Peace Foundation, 1917.  |g v. 1, no. 2  |w (OCoLC)1755671 
830 0 |a League of Nations ;  |v v. 1, no. 2. 
999 |a MARS 
999 f f |s 5e5da4d0-9a59-30d6-999b-a4d6ff2825ec  |i f54e2467-9307-37a6-8674-3e74113cbd73  |t 0 
952 f f |p normal  |a Texas A&M University  |b College Station  |c Sterling C. Evans Library  |s Evans stk  |d Evans: Library Stacks  |t 0  |e JX1908 .U52 v.1:no.1-8  |h Library of Congress classification  |i unmediated -- volume  |m A14803138126 
952 f f |a Texas A&M University  |b College Station  |c Sterling C. Evans Library  |s Evans stk  |d Evans: Library Stacks  |t 0  |e JX1908 .U52 v.1:no.1-8  |h Library of Congress classification 
998 f f |a JX1908 .U52 v.1:no.1-8  |t 0  |l Evans: Library Stacks